000 00832nas a2200289 4500
001 BR9801686
003 BR-BrBNA
005 20231205100947.0
007 ta
008 230509b bl.|||p| |||| 00| 00por d
040 _aBR-BrBNA
_bpor
_cBiblioteca Nacional de Agricultura
041 _a(Pt)
072 _aF02
100 1 _aCastro, O.F. da A.
100 1 _aAndrade, A.G. de
245 1 _aInducao e comportamento de calos de batata-doce em meio salino
650 _aBatata Doce
650 _aCultura de Tecido
650 _aInducao
650 _aHormonio Vegetal
650 _aCalo
650 _aSalinidade
650 _aNordeste
773 0 _tPesquisa Agropecuaria Brasileira (Brazil)
_xISSN 0100-204X
_g(Jan 1998), v. 33(1) p. 21-27
_wBR9801686
909 _a202311
_bLúcia
_c55
_dLúcia Elande
942 _2AGRIS
_n0
_cANA
999 _c159024
_d159024